000 00444cam a2200169ua 4500
020 _c900.00
041 _aeng
_h
082 _a634.04
_bUPA/FR
100 _aUpadhyaya, R.C .
245 _aFruit production and processing technology /
_cR.C.Upadhyaya.
_hTextual Documents
260 _aNew Delhi :
_bAnmol Publications Pvt Ltd ,
_c2009.
300 _a ; .
365 _a900.00
504 _a
942 _cBK
999 _c13434
_d13434